Medzinárodné vymáhanie výživného

Právo na výživné sa nepremlčuje. Dokumenty v oblasti vymáhania výživného na medzinárodnej úrovni. Centrum pre medzinárodnoprávnu ochranu detí a mládeže a jeho činnosť.

Enregistré dans:
Détails bibliographiques
Auteur principal: Šukalová, Viera
Format: Chapitre de livre
Langue:slovaque
Sujets:
Tags: Ajouter un tag
Pas de tags, Soyez le premier à ajouter un tag!

MARC

LEADER 00000naa a2200000 4500
001 0199556
005 20231120134849.7
041 0 |a slo 
044 |a SK 
245 1 0 |a Medzinárodné vymáhanie výživného  |c Viera Šukalová 
520 |a Právo na výživné sa nepremlčuje. Dokumenty v oblasti vymáhania výživného na medzinárodnej úrovni. Centrum pre medzinárodnoprávnu ochranu detí a mládeže a jeho činnosť. 
610 2 0 |a deti 
610 2 0 |a mládež 
610 2 0 |a výživné 
610 2 0 |a dohody medzinárodné 
100 1 |a Šukalová, Viera